| 000 | 00638nam a22001937a 4500 | ||
|---|---|---|---|
| 005 | 20251108172345.0 | ||
| 008 | 250721s2000 xx 000 0 ara d | ||
| 082 | 1 | 4 | _a111.85/جما |
| 100 | 1 |
_aمهدي، ثامر _eترجمة |
|
| 245 | 1 | 0 |
_aالجمالية : _bالمفاهيم - الآفاق و الخصائص الأساس / |
| 264 | 1 |
_aبغداد : _bدار الشؤون الثقافية العامة، _c2000. |
|
| 300 | _a130ص | ||
| 490 | 0 | _aالموسوعة الصغيرة ؛ 435 | |
| 650 | 1 | 7 | _aعلم الجمال |
| 650 | 1 | 7 | _aالإبداع الفني |
| 650 | 1 | 7 | _aالجمال |
| 942 |
_2ddc _cBK |
||
| 999 |
_c77113 _d77113 |
||